000 00759nam a2200253Ia 4500
003 OSt
005 20220918170444.0
006 a|||||r|||| 00| 0
007 ta
008 220917b |||||||| |||| 00| 0 eng d
020 _a9780230347830 (pbk)
_c1992.8
024 _a283,197
037 _b42743, 22/12/2014, Segment Book Distributors
_cTextual
040 _aARTS
_cARTS
_beng
041 _2eng
_aeng
082 _aR4,(4,1), Q3
100 _aCouldry Nick Ed.
_929150
245 0 _aEthics of media
260 _aNew York
_bPalgrave Macmillan USA
_c2013
300 _axi,298p.
_ccm.
650 _aPHILOSOPHY
942 _hR4,(4,1), Q3
_cTEXL
_2CC
999 _c134215
_d134215